Karşıdevrim 1945-1950 (Kayıt no. 10843)

MARC ayrıntıları
000 -BAŞLIK
Sabit Uzunlukta Kontrol Alanı 00798na a2200277 4500
001 - KONTROL NUMARASI
Denetim Alanı 24475
003 - KONTROL NUMARASI IDENTIFIER
Denetim Alanı MIRAKIL
005 - SON İŞLEM TARİHİ VE ZAMANI
Denetim Alanı 20181213155335.0
008 - SABİT-BOY VERİ ELEMANLARI - GENEL BİLGİLER
Sabit Uzunlukta Kontrol Alanı 181116b tu 000 0
020 ## - ULUSLARARASI STANDART KİTAP NUMARASI
Uluslararası Standart Kitap Numarası 9758410288
040 ## - KATALOGLAMA KAYNAK
Orijinal Kataloglama Ajansı Milas
Kataloglama Dili tur
Metne Dönüştürmek Ajansı TR-AnCHP
041 ## - DİL KODU
Metin / Ses Parça Veya Ayrı Başlığın Dil Kodu tur
082 ## - DEWEY ONLU SINIFLANDIRMA NUMARASI
Sınıflandırma Numarası 956.1025
Ürün Numarası Y37k 2003
090 ## - SINIFLAMA NUMARASI
Sınıflama Numarası 956.1025 Y37k 2003
100 ## - ANA GİRİŞ - KİŞİSEL İSİM
Kişisel Ad Yetkin, Çetin
245 ## - BAŞLIK TABLOSU
Başlık Karşıdevrim 1945-1950
Sorumluluk Tablosu, Vb Çetin Yetkin
250 ## - EDITION TABLOSU
Baskı Beyanı 2. bs.
260 ## - YAYIN, DAĞITIM, VB
Yayın, Dağıtım, Vb Yeri İstanbul
Yayıncı, Dağıtıcı, Vs Adı Otopsi Yayınları
Yayın, Dağıtım, Vb Tarihi 2003
300 ## - FİZİKSEL TANIM
Kapsam 727 s.
Boyutlar 19 sm.
504 ## - KAYNAKÇA VB NOT
Kaynakça Vb Notu Kaynakça ve dizin var.
600 ## - KONU KATMA GİRİŞ - KURUMSAL ADI
Kişisel Ad İnönü, İsmet
Başlıklar Ve Bir Adla İlişkili Diğer Kelimeler Cumhurbaşkanı
Bir Adıyla İlişkilendirilen Tarihler 1884-1973
650 ## - KONU KATMA GİRİŞ - TOPİKAL DÖNEM
Topikal Süreli Veya Coğrafi Ad Giriş Elemanı Demokrasi
Genel Alt Bölümü Türkiye
650 ## - KONU KATMA GİRİŞ - TOPİKAL DÖNEM
Topikal Süreli Veya Coğrafi Ad Giriş Elemanı Siyasi tarih
Genel Alt Bölümü Türkiye
Kronolojik Alt Bölümü 1945-1950
650 ## - KONU KATMA GİRİŞ - TOPİKAL DÖNEM
Topikal Süreli Veya Coğrafi Ad Giriş Elemanı Siyaset ve yönetim
Genel Alt Bölümü Tarih
Kronolojik Alt Bölümü 1945-1950
Coğrafi Alt Bölümü Türkiye
942 ## - EKLENDİ GİRİŞ ELEMANLARI (KOHA)
Sınıflandırma Veya Raf Düzeni Kaynak Dewey Decimal Classification
Koha Öğesi Türü Kitaplar
999 ## - SİSTEM KONTROL NUMARALARI (KOHA)
Koha Biblionumber 10843
Koha Biblioitemnumber 10843
Mevcut
Kalıcı Konum Mevcut Konum Edinme Tarihi Edinim Kaynak Toplam Check-Out'Lar Tam Çağrı Numarası Barkod Tarih Son Görülme İtibaren Geçerli Fiyatlar Sigara Kamu Notu Koha Öğesi Türü
CHP Kütüphanesi CHP Kütüphanesi 11/16/2018 Bağış   956.1025 Y37k 2003 018411 11/16/2018 11/16/2018 Bağışlayan: Ertuğrul Çepni Kitaplar
Parti Okulu Kütüphanesi Parti Okulu Kütüphanesi 10/26/2021     956.1025 Y37k 2003 P00890 10/26/2021 10/26/2021 Emin Değer Bağışıdır. Kitaplar